[Event "Titled Tuesday intern op 28th Dec"]
[Site "Chess.com INT"]
[Date "2021.12.28"]
[Round "11"]
[White "Milanovic, Marko"]
[Black "Brunner, Nicolas"]
[Result "0-1"]
[WhiteElo "2309"]
[BlackElo "2415"]
[PlyCount "88"]
[EventDate "2021.12.28"]
[EventType "swiss (blitz)"]
[EventRounds "11"]
[EventCountry "USA"]
[SourceTitle "CBM 206 Extra"]
[Source "ChessBase"]
[SourceDate "2022.03.31"]
[SourceVersion "1"]
[SourceVersionDate "2022.03.31"]
[SourceQuality "1"]

1. e4 e5 2. Nf3 Nc6 3. Bc4 Nf6 4. d3 Be7 5. O-O O-O 6. c3 d6 7. Nbd2 Na5 8. Bb5 a6 9. Ba4 b5 10. Bc2 c5 11. Re1 Nc6 12. Nf1 Re8 13. Ng3 Bf8 14. Be3 d5 15. Qe2 d4 16. Bd2 g6 17. Rac1 Bg7 18. Bb3 Be6 19. Bxe6 Rxe6 20. cxd4 Nxd4 21. Nxd4 cxd4 22. Rc2 Rc8 23. Rec1 Rec6 24. Qd1 Rxc2 25. Rxc2 Ne8 26. Qc1 Rxc2 27. Qxc2 Qc7 28. Qb3 Qc6 29. h3 Nc7 30. Ne2 Ne6 31. Qd5 Qc2 32. Nxd4 exd4 33. Qa8+ Bf8 34. Bh6 Qxd3 35. Bxf8 Nxf8 36. Qxa6 Qd1+ 37. Kh2 d3 38. Qxb5 d2 39. a4 Qe1 40. a5 d1=Q 41. a6 Qh1+ 42. Kg3 Qd6+ 43. f4 Qe1+ 44. Kh2 Qxf4+ 0-1

[Event "Titled Tuesday intern op 28th Dec"]
[Site "Chess.com INT"]
[Date "2021.12.28"]
[Round "11"]
[White "Muromtsev, Arthur"]
[Black "Cramling Bellon, Anna"]
[Result "1/2-1/2"]
[WhiteElo "2129"]
[BlackElo "2057"]
[PlyCount "93"]
[EventDate "2021.12.28"]
[EventType "swiss (blitz)"]
[EventRounds "11"]
[EventCountry "USA"]
[SourceTitle "CBM 206 Extra"]
[Source "ChessBase"]
[SourceDate "2022.03.31"]
[SourceVersion "1"]
[SourceVersionDate "2022.03.31"]
[SourceQuality "1"]

1. e4 c5 2. Nf3 Nf6 3. Nc3 d5 4. Bb5+ Bd7 5. Bxd7+ Qxd7 6. e5 Ne4 7. Ne2 Nc6 8. d3 Qg4 9. O-O O-O-O 10. dxe4 dxe4 11. Nd2 Nxe5 12. Ng3 Qxd1 13. Rxd1 e3 14. fxe3 Ng4 15. Re1 e6 16. Nf3 c4 17. h3 Nf6 18. e4 Bc5+ 19. Be3 Nd7 20. Rad1 g6 21. e5 h5 22. Ne4 Bxe3+ 23. Rxe3 Kc7 24. Nd6 Nxe5 25. Nxe5 Rhf8 26. Ndxf7 Rxd1+ 27. Kh2 Rd2 28. Re4 Rxc2 29. Rd4 b5 30. Rd7+ Kb6 31. Rd6+ Kc5 32. Rxe6 Kd4 33. Rxg6 Re8 34. Rd6+ Ke3 35. Rf6 Ke4 36. Nd6+ Kxe5 37. Nxe8 Ke4 38. Ra6 Rxb2 39. Rxa7 c3 40. Rc7 Kd3 41. Nd6 c2 42. a3 Kd2 43. Ne4+ Kd1 44. Nc3+ Kd2 45. Ne4+ Ke3 46. Nd6 Kd2 47. Ne4+ 1/2-1/2

[Event "Titled Tuesday intern op 28th Dec"]
[Site "Chess.com INT"]
[Date "2021.12.28"]
[Round "11"]
[White "Nastore, Pavel Alexandru"]
[Black "Pastar, Slaven"]
[Result "0-1"]
[WhiteElo "2329"]
[BlackElo "2337"]
[PlyCount "78"]
[EventDate "2021.12.28"]
[EventType "swiss (blitz)"]
[EventRounds "11"]
[EventCountry "USA"]
[SourceTitle "CBM 206 Extra"]
[Source "ChessBase"]
[SourceDate "2022.03.31"]
[SourceVersion "1"]
[SourceVersionDate "2022.03.31"]
[SourceQuality "1"]

1. e4 b6 2. d4 Bb7 3. Nc3 Nf6 4. Bd3 e6 5. Nf3 d5 6. e5 Ne4 7. O-O Nxc3 8. bxc3 c5 9. a4 Be7 10. Re1 Nc6 11. g3 c4 12. Bf1 a5 13. h4 Qd7 14. Ng5 h6 15. Nh3 O-O-O 16. f4 Rdg8 17. h5 g6 18. Kh2 Bd8 19. Qf3 Ne7 20. Ba3 Nf5 21. hxg6 Rxg6 22. g4 Nh4 23. Qg3 Rhg8 24. Be2 Qxa4 25. Be7 Qxc2 26. Bxd8 Rxg4 27. Qxh4 Rg2+ 28. Kh1 Rxe2 29. Rxe2 Qxe2 30. Bg5 Qf3+ 31. Kh2 hxg5 32. Nxg5 Qxc3 33. Rg1 Qxd4 34. Kh1 Qe3 35. Qh7 d4+ 36. Kh2 Qf2+ 37. Kh3 Rg6 38. Qxf7 Rh6+ 39. Kg4 Qxg1# 0-1

[Event "Titled Tuesday intern op 28th Dec"]
[Site "Chess.com INT"]
[Date "2021.12.28"]
[Round "11"]
[White "Nazaretyan, Tigran"]
[Black "Odegov, Artem"]
[Result "1-0"]
[WhiteElo "2316"]
[BlackElo "2286"]
[PlyCount "129"]
[EventDate "2021.12.28"]
[EventType "swiss (blitz)"]
[EventRounds "11"]
[EventCountry "USA"]
[SourceTitle "CBM 206 Extra"]
[Source "ChessBase"]
[SourceDate "2022.03.31"]
[SourceVersion "1"]
[SourceVersionDate "2022.03.31"]
[SourceQuality "1"]

1. d4 Nf6 2. c4 c5 3. d5 e5 4. Nc3 d6 5. e4 Be7 6. g3 O-O 7. Bg2 Nbd7 8. Nge2 Ne8 9. O-O g6 10. Bh6 Ng7 11. Qd2 Nf6 12. h3 Kh8 13. Be3 Ng8 14. f4 exf4 15. gxf4 Bd7 16. Ng3 Bh4 17. Kh2 Qe7 18. Rae1 Rae8 19. Bf2 Nf6 20. e5 Bxg3+ 21. Bxg3 Nfh5 22. Ne4 Nf5 23. exd6 Nxd6 24. Qc3+ f6 25. Nxc5 Qg7 26. Ne6 Bxe6 27. dxe6 Nf5 28. Bf2 Nxf4 29. Bc5 Qc7 30. Rxf4 Qxf4+ 31. Kg1 Qg3 32. Qxg3 Nxg3 33. Bxf8 Rxf8 34. Bxb7 Nf5 35. Bc6 Ne7 36. Bd7 Rb8 37. b3 Kg7 38. c5 Kf8 39. c6 Rb5 40. Rc1 Rg5+ 41. Kh2 Re5 42. Rc2 Re3 43. c7 f5 44. c8=Q+ Nxc8 45. Rxc8+ Ke7 46. Re8+ Kf6 47. Rf8+ Kg5 48. Rf7 Kf4 49. e7 Re2+ 50. Kg1 Kg3 51. e8=Q Rxe8 52. Bxe8 Kxh3 53. Rxh7+ Kg4 54. Rxa7 Kf4 55. Bxg6 Kf3 56. Bxf5 Kg3 57. b4 Kf4 58. b5 Kf3 59. b6 Kg3 60. b7 Kh4 61. b8=Q Kg5 62. Qg3+ Kf6 63. Qg6+ Ke5 64. Re7+ Kf4 65. Qg4# 1-0

[Event "Titled Tuesday intern op 28th Dec"]
[Site "Chess.com INT"]
[Date "2021.12.28"]
[Round "11"]
[White "Nechaeva, Marina"]
[Black "Ljukin, Sergei"]
[Result "0-1"]
[WhiteElo "2384"]
[BlackElo "2362"]
[PlyCount "50"]
[EventDate "2021.12.28"]
[EventType "swiss (blitz)"]
[EventRounds "11"]
[EventCountry "USA"]
[SourceTitle "CBM 206 Extra"]
[Source "ChessBase"]
[SourceDate "2022.03.31"]
[SourceVersion "1"]
[SourceVersionDate "2022.03.31"]
[SourceQuality "1"]

1. d4 d5 2. c4 c6 3. Nc3 Nf6 4. e3 e6 5. Nf3 Nbd7 6. Qc2 Bd6 7. b3 O-O 8. Be2 a6 9. O-O e5 10. cxd5 cxd5 11. dxe5 Nxe5 12. Bb2 Be6 13. Rad1 Rc8 14. Qb1 Qc7 15. h3 Rfd8 16. Nd4 Qd7 17. f4 Bxh3 18. fxe5 Bxe5 19. Bf3 Bg4 20. Bxg4 Nxg4 21. Rf3 Qe7 22. Qf5 Nxe3 23. Rxe3 Bxd4 24. Rxd4 Qxe3+ 25. Kh2 Qxd4 0-1

[Event "Titled Tuesday intern op 28th Dec"]
[Site "Chess.com INT"]
[Date "2021.12.28"]
[Round "11"]
[White "Nikologorskiy, Konstantin"]
[Black "Gaehwiler, Gabriel"]
[Result "1-0"]
[WhiteElo "2413"]
[BlackElo "2400"]
[PlyCount "89"]
[EventDate "2021.12.28"]
[EventType "swiss (blitz)"]
[EventRounds "11"]
[EventCountry "USA"]
[SourceTitle "CBM 206 Extra"]
[Source "ChessBase"]
[SourceDate "2022.03.31"]
[SourceVersion "1"]
[SourceVersionDate "2022.03.31"]
[SourceQuality "1"]

1. d4 Nf6 2. c4 g6 3. Nc3 Bg7 4. e4 O-O 5. Nf3 d6 6. Be2 e5 7. dxe5 dxe5 8. Qxd8 Rxd8 9. Bg5 Re8 10. Nd5 Nxd5 11. cxd5 c6 12. O-O-O cxd5 13. exd5 Bd7 14. Nd2 Na6 15. Ne4 Rec8+ 16. Kb1 Bf5 17. f3 Nc5 18. Bd3 Bxe4 19. Bxe4 f6 20. Bh4 Nxe4 21. fxe4 Rc4 22. Rhe1 Kf7 23. b3 Rc7 24. Rf1 Rd8 25. Rf3 Ke7 26. Rdf1 Rd6 27. g4 h6 28. Be1 Kf7 29. Bb4 Rdd7 30. h4 Rc8 31. g5 hxg5 32. hxg5 f5 33. exf5 gxf5 34. Rxf5+ Kg6 35. d6 e4 36. Rd5 Re8 37. Rc1 e3 38. Rc7 Red8 39. Rxd7 Rxd7 40. Kc2 Kf7 41. Rd3 b6 42. Rxe3 a5 43. Ba3 Kg6 44. Kd3 Kxg5 45. Kc4 1-0

[Event "Titled Tuesday intern op 28th Dec"]
[Site "Chess.com INT"]
[Date "2021.12.28"]
[Round "11"]
[White "Omariev, Maksim"]
[Black "Petrova, Irina"]
[Result "1-0"]
[WhiteElo "2304"]
[BlackElo "2141"]
[PlyCount "83"]
[EventDate "2021.12.28"]
[EventType "swiss (blitz)"]
[EventRounds "11"]
[EventCountry "USA"]
[SourceTitle "CBM 206 Extra"]
[Source "ChessBase"]
[SourceDate "2022.03.31"]
[SourceVersion "1"]
[SourceVersionDate "2022.03.31"]
[SourceQuality "1"]

1. g4 e5 2. Bg2 d6 3. h3 Nc6 4. c4 Be7 5. Nc3 Nf6 6. e3 O-O 7. Nge2 Be6 8. b3 a5 9. d4 exd4 10. exd4 Nb4 11. a3 Na6 12. Bxb7 d5 13. Bxa8 Qxa8 14. c5 Ne4 15. Qd3 Nxc3 16. Qxc3 Nxc5 17. Bf4 Ne4 18. Qe3 Bh4 19. O-O f5 20. g5 Re8 21. Rac1 Qd8 22. Bxc7 Qe7 23. f4 Qxa3 24. Ra1 Qb2 25. Rxa5 Qc2 26. Be5 Qc6 27. Ra7 Bd7 28. Kg2 Qe6 29. Rc1 h6 30. Rcc7 Re7 31. Qd3 hxg5 32. fxg5 Bxg5 33. Nf4 Bxf4 34. Bxf4 Qg6+ 35. Kh2 Nf6 36. Be5 Ne4 37. Rxd7 Rxe5 38. Rxg7+ Qxg7 39. Rxg7+ Kxg7 40. dxe5 Kf7 41. Qxd5+ Kg6 42. e6 1-0

[Event "Titled Tuesday intern op 28th Dec"]
[Site "Chess.com INT"]
[Date "2021.12.28"]
[Round "11"]
[White "Pandey, Srishti"]
[Black "Panesar, Vedant"]
[Result "0-1"]
[WhiteElo "2177"]
[BlackElo "2379"]
[PlyCount "66"]
[EventDate "2021.12.28"]
[EventType "swiss (blitz)"]
[EventRounds "11"]
[EventCountry "USA"]
[SourceTitle "CBM 206 Extra"]
[Source "ChessBase"]
[SourceDate "2022.03.31"]
[SourceVersion "1"]
[SourceVersionDate "2022.03.31"]
[SourceQuality "1"]

1. Nf3 d5 2. d4 e6 3. c4 c6 4. Nc3 dxc4 5. a4 Bb4 6. e3 b5 7. Bd2 Bxc3 8. Bxc3 Ne7 9. axb5 cxb5 10. b3 Nbc6 11. bxc4 b4 12. Bb2 O-O 13. Bd3 Bb7 14. O-O h6 15. Nd2 a5 16. Ne4 Ra7 17. Nc5 Ba8 18. Bc2 Qd6 19. Qd3 Ng6 20. h4 f5 21. h5 Nge5 22. Qe2 Ng4 23. f4 Qd8 24. Qe1 Qe8 25. Rf3 Qxh5 26. Rh3 Qf7 27. e4 Re7 28. e5 Rd8 29. Rd1 Red7 30. Nxd7 Rxd7 31. Bb3 Rd8 32. d5 Qa7+ 33. Kf1 a4 0-1

[Event "Titled Tuesday intern op 28th Dec"]
[Site "Chess.com INT"]
[Date "2021.12.28"]
[Round "11"]
[White "Perez Gormaz, Matias Ariel"]
[Black "Estrada Nieto, Julian"]
[Result "1-0"]
[WhiteElo "2404"]
[BlackElo "2253"]
[PlyCount "63"]
[EventDate "2021.12.28"]
[EventType "swiss (blitz)"]
[EventRounds "11"]
[EventCountry "USA"]
[SourceTitle "CBM 206 Extra"]
[Source "ChessBase"]
[SourceDate "2022.03.31"]
[SourceVersion "1"]
[SourceVersionDate "2022.03.31"]
[SourceQuality "1"]

1. e4 e5 2. Nf3 Nc6 3. Bb5 a6 4. Ba4 Nf6 5. d3 d6 6. c3 g6 7. O-O Bg7 8. Re1 O-O 9. h3 Bd7 10. Be3 Qe8 11. Bc2 Nh5 12. d4 f5 13. exf5 gxf5 14. dxe5 dxe5 15. Bc5 Rf6 16. Nbd2 Nf4 17. Be3 Qg6 18. Bxf4 exf4 19. Nc4 Be6 20. Bb3 Kh8 21. Nce5 Nxe5 22. Nxe5 Qe8 23. Nf3 Qg8 24. Rxe6 Rxe6 25. Ng5 Rd6 26. Qh5 Rh6 27. Nf7+ Qxf7 28. Qxf7 Rf8 29. Qd5 c6 30. Qf3 Rg6 31. Rd1 Be5 32. Rd7 1-0

[Event "Titled Tuesday intern op 28th Dec"]
[Site "Chess.com INT"]
[Date "2021.12.28"]
[Round "11"]
[White "Pershina, Elena"]
[Black "Buker, Muhittin"]
[Result "1-0"]
[WhiteElo "2114"]
[BlackElo "1967"]
[PlyCount "45"]
[EventDate "2021.12.28"]
[EventType "swiss (blitz)"]
[EventRounds "11"]
[EventCountry "USA"]
[SourceTitle "CBM 206 Extra"]
[Source "ChessBase"]
[SourceDate "2022.03.31"]
[SourceVersion "1"]
[SourceVersionDate "2022.03.31"]
[SourceQuality "1"]

1. e4 e6 2. d4 d5 3. e5 c5 4. c3 Nc6 5. Nf3 Qb6 6. a3 c4 7. Be2 Bd7 8. O-O Na5 9. Nbd2 Nb3 10. Nxb3 Ba4 11. Bf4 Bxb3 12. Qd2 Ne7 13. a4 Ng6 14. Bg3 a5 15. Nh4 Be7 16. Nxg6 hxg6 17. f4 O-O-O 18. Bd1 Kb8 19. Qf2 Rh7 20. Bg4 Rdh8 21. h3 Ka7 22. Qd2 Bh4 23. Bf2 1-0

[Event "Titled Tuesday intern op 28th Dec"]
[Site "Chess.com INT"]
[Date "2021.12.28"]
[Round "11"]
[White "Pert, Nicholas"]
[Black "Ibrahimli, Murad Sultanali"]
[Result "1/2-1/2"]
[WhiteElo "2546"]
[BlackElo "2418"]
[PlyCount "153"]
[EventDate "2021.12.28"]
[EventType "swiss (blitz)"]
[EventRounds "11"]
[EventCountry "USA"]
[SourceTitle "CBM 206 Extra"]
[Source "ChessBase"]
[SourceDate "2022.03.31"]
[SourceVersion "1"]
[SourceVersionDate "2022.03.31"]
[SourceQuality "1"]

1. Nf3 Nf6 2. g3 c5 3. Bg2 Nc6 4. O-O e5 5. c4 d5 6. cxd5 Nxd5 7. d3 Be7 8. Nc3 Nc7 9. Bd2 Be6 10. Rc1 O-O 11. a3 Qd7 12. Ne4 b6 13. b4 cxb4 14. axb4 f6 15. Qa4 b5 16. Qc2 Bd5 17. Nc5 Bxc5 18. Qxc5 Ne6 19. Qxb5 Rfb8 20. Qa4 e4 21. dxe4 Bxe4 22. b5 Ncd4 23. Nxd4 Bxg2 24. Kxg2 Nxd4 25. Be3 Nxb5 26. Rfd1 Qb7+ 27. f3 a6 28. Bf2 Rc8 29. e4 Nc3 30. Qd7 Qxd7 31. Rxd7 a5 32. Be1 Ne2 33. Rxc8+ Rxc8 34. Bxa5 Rc2 35. Rd2 Rxd2 36. Bxd2 Nd4 37. Kf2 Kf7 38. Ke3 Nc6 39. Bc3 Ke6 40. h4 h5 41. g4 g6 42. Kf4 Ne7 43. Kg3 Nc8 44. f4 hxg4 45. Kxg4 Nd6 46. Kf3 f5 47. exf5+ Kxf5 48. Be5 Ne4 49. Bc7 Nf6 50. Bd8 Nd5 51. Bg5 Nb4 52. Bd8 Nc6 53. Bg5 Nd4+ 54. Ke3 Ne6 55. Kf3 Nd4+ 56. Ke3 Nc2+ 57. Kf3 Ne1+ 58. Kg3 Nc2 59. Kf3 Na3 60. Kg3 Nb5 61. Kf3 Nc7 62. Ke3 Ne8 63. Kd4 Ng7 64. Ke3 Ne6 65. Kf3 Nc5 66. Ke3 Ne4 67. Kf3 Nd2+ 68. Ke3 Nb3 69. Kf3 Na5 70. Ke3 Nc6 71. Kf3 Nb8 72. Ke3 Nd7 73. Kf3 Nb6 74. Ke3 Nd5+ 75. Kf3 Nb4 76. Ke3 Nc6 77. Kf3 1/2-1/2

[Event "Titled Tuesday intern op 28th Dec"]
[Site "Chess.com INT"]
[Date "2021.12.28"]
[Round "11"]
[White "Piesik, Piotr"]
[Black "Renjith, Sravan"]
[Result "0-1"]
[WhiteElo "2407"]
[BlackElo "2121"]
[PlyCount "94"]
[EventDate "2021.12.28"]
[EventType "swiss (blitz)"]
[EventRounds "11"]
[EventCountry "USA"]
[SourceTitle "CBM 206 Extra"]
[Source "ChessBase"]
[SourceDate "2022.03.31"]
[SourceVersion "1"]
[SourceVersionDate "2022.03.31"]
[SourceQuality "1"]

1. Nf3 d5 2. g3 Nf6 3. Bg2 g6 4. O-O Bg7 5. d4 O-O 6. c4 c6 7. Nc3 Ne4 8. Qb3 Nxc3 9. bxc3 dxc4 10. Qxc4 Nd7 11. e4 e5 12. Bg5 Qc7 13. Rad1 Nb6 14. Qb4 a5 15. Qb1 Na4 16. Qc2 b5 17. dxe5 Bg4 18. Bf6 Bxf3 19. Bxf3 Bxf6 20. exf6 Qe5 21. Rd4 Qxf6 22. Qd3 c5 23. Rd5 Qxc3 24. Qxc3 Nxc3 25. Rxc5 b4 26. a3 Rfc8 27. axb4 axb4 28. Rxc8+ Rxc8 29. Bd1 Rd8 30. Bb3 Nxe4 31. Kg2 Rd2 32. Kf3 Nxf2 33. Bc4 Rc2 34. Bd5 Rc5 35. Ba2 Rf5+ 36. Ke2 Ne4 37. Rxf5 gxf5 38. Kd3 b3 39. Bxb3 Nc5+ 40. Kc4 Nxb3 41. Kxb3 Kg7 42. Kc3 Kg6 43. Kd4 Kg5 44. Ke5 Kg4 45. Kf6 h5 46. Kxf7 Kh3 47. Kg6 Kxh2 0-1

[Event "Titled Tuesday intern op 28th Dec"]
[Site "Chess.com INT"]
[Date "2021.12.28"]
[Round "11"]
[White "Quirke, Jeffrey"]
[Black "Polaczek, Richard"]
[Result "1-0"]
[WhiteElo "2086"]
[BlackElo "2360"]
[PlyCount "57"]
[EventDate "2021.12.28"]
[EventType "swiss (blitz)"]
[EventRounds "11"]
[EventCountry "USA"]
[SourceTitle "CBM 206 Extra"]
[Source "ChessBase"]
[SourceDate "2022.03.31"]
[SourceVersion "1"]
[SourceVersionDate "2022.03.31"]
[SourceQuality "1"]

1. d4 Nf6 2. c4 e6 3. Nc3 Bb4 4. Qc2 O-O 5. e4 d5 6. e5 Ne4 7. Bd3 c5 8. Nf3 Nd7 9. O-O Bxc3 10. bxc3 Qa5 11. Bxe4 dxe4 12. Qxe4 Qxc3 13. Bd2 Qxc4 14. Rfc1 Qd5 15. Qxd5 exd5 16. dxc5 Re8 17. Bf4 Nf8 18. Rab1 Ng6 19. Bg3 Re7 20. Rd1 Be6 21. Nd4 Rc8 22. f4 Bd7 23. Rxb7 Rxc5 24. Rxa7 h5 25. f5 Nf8 26. e6 fxe6 27. fxe6 Nxe6 28. Nxe6 Rxe6 29. Rxd7 1-0

[Event "Titled Tuesday intern op 28th Dec"]
[Site "Chess.com INT"]
[Date "2021.12.28"]
[Round "11"]
[White "Rostovtsev, Dmitry"]
[Black "Kislinsky, Alexey"]
[Result "1-0"]
[WhiteElo "2188"]
[BlackElo "2351"]
[PlyCount "79"]
[EventDate "2021.12.28"]
[EventType "swiss (blitz)"]
[EventRounds "11"]
[EventCountry "USA"]
[SourceTitle "CBM 206 Extra"]
[Source "ChessBase"]
[SourceDate "2022.03.31"]
[SourceVersion "1"]
[SourceVersionDate "2022.03.31"]
[SourceQuality "1"]

1. e4 c5 2. Nf3 Nc6 3. Bb5 g5 4. Nxg5 Nf6 5. d3 Rg8 6. O-O Nd4 7. Bc4 d5 8. exd5 b5 9. Bb3 Nxb3 10. axb3 Qxd5 11. Nc3 Qc6 12. Re1 Bb7 13. f3 a6 14. Bf4 Nh5 15. Bd2 Bh6 16. Nge4 Nf4 17. Bxf4 Bxf4 18. Nd5 Kf8 19. Nxf4 Qh6 20. Qd2 e5 21. Ne2 Qg6 22. N2g3 Rc8 23. Qf2 h5 24. h4 Ba8 25. f4 exf4 26. Ne2 c4 27. Nxf4 Qg4 28. Nd6 Rc7 29. Re8+ Kg7 30. Rxg8+ Kxg8 31. Re1 Bc6 32. Ne4 Bxe4 33. Rxe4 cxb3 34. c3 b4 35. Nd5 Qd1+ 36. Kh2 Rc6 37. Ne7+ Kf8 38. Nxc6 bxc3 39. Ne5 Qf1 40. Qxf1 1-0

[Event "Titled Tuesday intern op 28th Dec"]
[Site "Chess.com INT"]
[Date "2021.12.28"]
[Round "11"]
[White "Rustemov, Alexander"]
[Black "Bilan, Danila"]
[Result "1-0"]
[WhiteElo "2525"]
[BlackElo "2303"]
[PlyCount "127"]
[EventDate "2021.12.28"]
[EventType "swiss (blitz)"]
[EventRounds "11"]
[EventCountry "USA"]
[SourceTitle "CBM 206 Extra"]
[Source "ChessBase"]
[SourceDate "2022.03.31"]
[SourceVersion "1"]
[SourceVersionDate "2022.03.31"]
[SourceQuality "1"]

1. d4 d5 2. c4 c6 3. Nc3 Nf6 4. e3 e6 5. Nf3 Nbd7 6. Qc2 Bd6 7. Bd2 O-O 8. O-O-O b6 9. e4 dxe4 10. Nxe4 Be7 11. Bd3 Bb7 12. Bf4 Nxe4 13. Bxe4 Nf6 14. Bd3 Qc8 15. Rhe1 Re8 16. c5 Ba6 17. Ne5 bxc5 18. dxc5 Bxd3 19. Rxd3 Nd5 20. Bd2 g6 21. Re4 Bf6 22. Nc4 Qa6 23. Ra3 Qb5 24. Nd6 Qf1+ 25. Re1 Qxf2 26. Nxe8 Rxe8 27. Ba5 Qf4+ 28. Kb1 Qxh2 29. Rf3 Bg7 30. Bd2 Qxg2 31. Ref1 Rb8 32. Bc1 Qxc2+ 33. Kxc2 f5 34. Ra3 Rb7 35. Ra6 Kf7 36. a3 Rc7 37. b4 e5 38. Kd3 e4+ 39. Kc4 Ke6 40. a4 Be5 41. b5 Kd7 42. b6 axb6 43. cxb6 Rb7 44. a5 f4 45. Ra7 Kc8 46. Ra8+ Bb8 47. Bxf4 g5 48. Bxb8 Ne3+ 49. Kc5 Nxf1 50. Kxc6 Rxb8 51. b7+ Kd8 52. Rxb8+ Ke7 53. Re8+ Kxe8 54. b8=Q+ Kf7 55. Qc7+ Kg6 56. Qd6+ Kf5 57. Qf8+ Kg4 58. Qxf1 h5 59. a6 h4 60. a7 e3 61. a8=Q e2 62. Qxe2+ Kh3 63. Qf3+ Kh2 64. Qa2+ 1-0

[Event "Titled Tuesday intern op 28th Dec"]
[Site "Chess.com INT"]
[Date "2021.12.28"]
[Round "11"]
[White "Sadykov, Ramil"]
[Black "Rangel, Daniel"]
[Result "0-1"]
[WhiteElo "2345"]
[BlackElo "2196"]
[PlyCount "76"]
[EventDate "2021.12.28"]
[EventType "swiss (blitz)"]
[EventRounds "11"]
[EventCountry "USA"]
[SourceTitle "CBM 206 Extra"]
[Source "ChessBase"]
[SourceDate "2022.03.31"]
[SourceVersion "1"]
[SourceVersionDate "2022.03.31"]
[SourceQuality "1"]

1. e4 c6 2. d4 d5 3. Nc3 dxe4 4. Nxe4 Nf6 5. Nxf6+ exf6 6. c3 Bd6 7. Bd3 O-O 8. Qc2 Re8+ 9. Ne2 h5 10. Be3 Nd7 11. O-O-O Nf8 12. h3 h4 13. g3 hxg3 14. Rdg1 gxf2 15. Bxf2 Ne6 16. Kb1 Qc7 17. Bh4 Kf8 18. Rf1 Ng5 19. Rhg1 Bxh3 20. Rf2 Be6 21. Bxg5 fxg5 22. Rxg5 Be7 23. Rh5 Bf6 24. Nf4 Bd5 25. Qd2 Qd6 26. c4 Be6 27. d5 cxd5 28. cxd5 Bd7 29. Rh8+ Ke7 30. Re2+ Kd8 31. Rexe8+ Bxe8 32. Bb5 Kc7 33. Rxe8 Rxe8 34. Bxe8 Qe5 35. Qc2+ Kd8 36. Nd3 Qxe8 37. Qc5 Qe4 38. Qd6+ Ke8 0-1

[Event "Titled Tuesday intern op 28th Dec"]
[Site "Chess.com INT"]
[Date "2021.12.28"]
[Round "11"]
[White "Schrik, Rachid"]
[Black "Desideri, Ricardo Maruchi"]
[Result "1-0"]
[WhiteElo "2211"]
[BlackElo "1939"]
[PlyCount "81"]
[EventDate "2021.12.28"]
[EventType "swiss (blitz)"]
[EventRounds "11"]
[EventCountry "USA"]
[SourceTitle "CBM 206 Extra"]
[Source "ChessBase"]
[SourceDate "2022.03.31"]
[SourceVersion "1"]
[SourceVersionDate "2022.03.31"]
[SourceQuality "1"]

1. d4 Nf6 2. c4 c5 3. d5 e6 4. Nc3 exd5 5. cxd5 d6 6. e4 g6 7. f3 Bg7 8. Bg5 O-O 9. Qd2 Re8 10. Nge2 Na6 11. Ng3 Rb8 12. Be2 Nc7 13. a4 h5 14. O-O b6 15. Bh6 Bh8 16. Rad1 a6 17. Nh1 b5 18. axb5 axb5 19. Nf2 c4 20. Bg5 Bd7 21. f4 b4 22. Nb1 Bb5 23. Rfe1 Qc8 24. Bxf6 Bxf6 25. e5 dxe5 26. Ne4 Bg7 27. Nd6 Qa6 28. Nxe8 Rxe8 29. d6 Ne6 30. fxe5 Bxe5 31. Qxb4 Bd4+ 32. Kh1 Bc5 33. Qd2 Nd4 34. Nc3 Bxd6 35. Nxb5 Nxb5 36. Bxc4 Rd8 37. Bxb5 Qxb5 38. Qe2 Qf5 39. Rf1 Qg5 40. Qd2 Qc5 41. Qf2 1-0

[Event "Titled Tuesday intern op 28th Dec"]
[Site "Chess.com INT"]
[Date "2021.12.28"]
[Round "11"]
[White "Shtyka, Sergey"]
[Black "Navalgund, Niranjan"]
[Result "1-0"]
[WhiteElo "2154"]
[BlackElo "2289"]
[PlyCount "83"]
[EventDate "2021.12.28"]
[EventType "swiss (blitz)"]
[EventRounds "11"]
[EventCountry "USA"]
[SourceTitle "CBM 206 Extra"]
[Source "ChessBase"]
[SourceDate "2022.03.31"]
[SourceVersion "1"]
[SourceVersionDate "2022.03.31"]
[SourceQuality "1"]

1. e4 e5 2. Nf3 Nc6 3. Nc3 Nf6 4. Bb5 Bb4 5. O-O O-O 6. d3 d6 7. Bxc6 bxc6 8. Bg5 Bxc3 9. bxc3 Bg4 10. h3 Bh5 11. g4 Bg6 12. Rb1 h6 13. Bh4 Rb8 14. Rb3 Rb6 15. Qd2 Qe7 16. c4 c5 17. Qa5 Ra8 18. Rfb1 Qd8 19. Kg2 Bh7 20. Bxf6 gxf6 21. Ng1 h5 22. Ne2 hxg4 23. hxg4 Qc8 24. f3 Ra6 25. Qd2 Rxa2 26. Rh1 Qf8 27. Nc3 Ra6 28. Nd5 Qg7 29. Nxc7 Rb6 30. Rxb6 axb6 31. Nxa8 f5 32. exf5 Bxf5 33. Qh6 Bxg4 34. Qh7+ Qxh7 35. Rxh7 Kxh7 36. fxg4 Kg6 37. Nxb6 f5 38. gxf5+ Kxf5 39. Kf3 Ke6 40. Ke4 Ke7 41. Kd5 e4 42. dxe4 1-0

[Event "Titled Tuesday intern op 28th Dec"]
[Site "Chess.com INT"]
[Date "2021.12.28"]
[Round "11"]
[White "Shubenkova, Veronika"]
[Black "Hjartarson, Johann"]
[Result "0-1"]
[WhiteElo "1762"]
[BlackElo "2470"]
[PlyCount "68"]
[EventDate "2021.12.28"]
[EventType "swiss (blitz)"]
[EventRounds "11"]
[EventCountry "USA"]
[SourceTitle "CBM 206 Extra"]
[Source "ChessBase"]
[SourceDate "2022.03.31"]
[SourceVersion "1"]
[SourceVersionDate "2022.03.31"]
[SourceQuality "1"]

1. d4 Nf6 2. Nf3 g6 3. g3 b5 4. Bg2 Bb7 5. O-O d6 6. c3 Nbd7 7. Nbd2 Bg7 8. Re1 O-O 9. e4 e5 10. d5 c6 11. c4 Qb8 12. b3 a5 13. Ba3 b4 14. Bb2 Nc5 15. Qe2 cxd5 16. exd5 Re8 17. Ng5 Qc7 18. Nge4 Nfxe4 19. Nxe4 f5 20. Nxc5 Qxc5 21. Qd2 e4 22. Bxg7 Kxg7 23. Qe3 Qxe3 24. Rxe3 a4 25. Rae1 axb3 26. Rxb3 Rxa2 27. Rxb4 Ba6 28. Bf1 Rc8 29. Rc1 Kf6 30. h4 Ke5 31. Rd1 Ra5 32. Rc1 Rxd5 33. cxd5 Rxc1 34. f4+ exf3 0-1